(Khmer) short stories about countries in the world / (Record no. 50047)
| 000 -LEADER | |
|---|---|
| fixed length control field | 00279nam a2200097 4500 |
| 020 ## - INTERNATIONAL STANDARD BOOK NUMBER | |
| International Standard Book Number | 9789924579526 |
| 245 ## - TITLE STATEMENT | |
| Title | (Khmer) short stories about countries in the world / |
| Statement of responsibility, etc | Sam Sreinith. |
| 260 ## - PUBLICATION, DISTRIBUTION, ETC. (IMPRINT) | |
| Place of publication, distribution, etc | Cambodia: |
| Name of publisher, distributor, etc | Heart Kids; |
| Date of publication, distribution, etc | 2024. |
| 300 ## - PHYSICAL DESCRIPTION | |
| Extent | 205 p. |
| Dimensions | 20 cm. |
| 942 ## - ADDED ENTRY ELEMENTS (KOHA) | |
| Source of classification or shelving scheme | |
| Koha item type | Khmer NON FIC Books |
| Withdrawn status | Lost status | Source of classification or shelving scheme | Damaged status | Not for loan | Collection code | Home library | Current library | Date acquired | Full call number | Barcode | Date last seen | Price effective from | Koha item type |
|---|---|---|---|---|---|---|---|---|---|---|---|---|---|
| Siem Riep | Asian Hope Secondary Library | Asian Hope Secondary Library | 01/13/2026 | KHMER 910 SAM | 210166 | 01/13/2026 | 01/13/2026 | Khmer NON FIC Books |